000 00348nam a2200097Ia 4500
008 180130s9999 xx 000 0 und d
245 _cHayward, Mark; Meddings, Sara; Harris, Jo
_aWorking with people with psychosis
260 _c2015
300 _aBook title: Clinical psychology--Acession number C20490; pages 130-149
650 _aCLINICAL PSYCHOLOGY
999 _c353947
_d353947